Textos y documentos de época medieval : (Registro nro. 322803)

Detalles MARC
000 -ENCABEZADO
Número de control [NR] 00794nam a22002297a 4500
005 - FECHA Y HORA DE LA ÚLTIMA TRANSACCIÓN
control field 20230707112508.0
008 - DE LONGITUD FIJA DE DATOS DE ELEMENTOS - INFORMACIÓN GENERAL
Elementos de longitud fija [NR] 230707b ||||| |||| 00| 0 eng d
020 ## - NUMERO INTERNACIONAL NORMALIZADO PARA LIBROS [R]
Número Internacional Normalizado del libro [NR] 9788434428270
040 ## - FUENTE DE CATALOGACION [NR]
Agencia de catalogación original [NR] CO-BoUCM
Quien Cataloga David Moreno
Quien Clasifica David Moreno
041 ## - CODIGO DE IDIOMA [R]
Código de idioma para texto/pista de sonido o título separado [R] Español
100 1# - ASIENTO PRINCIPAL--NOMBRE PERSONAL [NR]
Nombre personal [NR] Mitre Fernández, Emilio
Fechas asociadas con el nombre [NR] 1941-.
ID Autoridad 178041
245 10 - MENCION DE TITULO [NR]
Título [NR] Textos y documentos de época medieval :
Parte restante del título [NR] (análisis y comentario) /
Mención de responsabilidad, etc. [NR] Emilio Mitre Fernández.
260 ## - PUBLICACION, DISTRIBUCION, ETC. (PIE DE IMPRENTA) [R]
Lugar de publicación, distribución, etc. [R] Barcelona
Nombre del editor, distribuidor, etc. [R] Editorial Ariel
Fecha de publicación, distribución, etc. [R] 2020
300 ## - DESCRIPCION FISICA [R]
Extensión [R] 203 Paginas
490 ## - MENCION DE SERIE [R]
Mención de serie [R] Ariel practicum
504 ## - NOTA DE BIBLIOGRAFIA, ETC. [R]
Nota de bibliografía, etc. [NR] Incluye referencias bibliográficas
650 1# - ASIENTO SECUNDARIO DE MATERIA - TERMINO TEMATICO [R]
Término temático o nombre geográfico como elemento de entrada [NR] Civilización medieval
9 (RLIN) 132
650 1# - ASIENTO SECUNDARIO DE MATERIA - TERMINO TEMATICO [R]
Término temático o nombre geográfico como elemento de entrada [NR] Edad media
9 (RLIN) 13756
650 1# - ASIENTO SECUNDARIO DE MATERIA - TERMINO TEMATICO [R]
Término temático o nombre geográfico como elemento de entrada [NR] Historia medieval
9 (RLIN) 16940
942 ## - ELEMENTOS DE ENTRADA AGREGADOS (KOHA)
Sistema de clasificación DEWEY
Tema principal Historia
Tipo de ítem principal el descrito en 300a Libro
Edición 7
Clasificación 940.1
Parte restante de la signatura top. M47t
Título oculto en OPAC No
Existencias
Total préstamos Signatura topográfica Código de barras Última vez visto Ejemplar Costo de reposición Price effective from Tipo de ítem Perdido Sistema de clasificación Dañado No prestable Tipo de ítem específico Suprimido Ubicación habitual Ubicación actual Localización Fecha de creación Forma de adquisición Costo
  940.1 M47t 100171571 09/12/2025 Ej.1 115488.00 07/07/2023 Libro   DEWEY     Libro   Claustro Claustro 2do piso 07/07/2023 Compra 115488.00